El sueño era posible

Сохранить в:
Библиографические подробности
Главный автор: Harnecker, Marta (Автор)
Формат:
Язык:испанский
Опубликовано: Santiago LOM 1995
Серии:Colección Sin Norte. Serie Historia Oral
Предметы:
Метки: Добавить метку
Нет меток, Требуется 1-ая метка записи!

MARC

LEADER 00000nam a2200000 a 4500
001 UCI1463
003 CL-VaPUC
008 070629e19950000CL |||||||||||||||||spa|d
082 0 4 |a 320.53  |b HAR  |2 21 
100 |a Harnecker, Marta  |e author  |9 522004 
245 1 3 |a El sueño era posible 
300 |a 299 p 
942 |c BK 
945 |d 20070629 00:00:00  |a jtorresc 
260 |a Santiago  |b LOM  |c 1995 
650 0 |a Socialismo  |9 255260 
650 0 |a Comunismo  |9 255588 
650 0 |a Ideologías políticas   |9 255735 
650 7 |a MARXISMO  |2 CL-VaPUC  |9 522005 
583 |a last modification  |c 20070629 00:00:00  |k Rodrigo Vera 
490 0 |a Colección Sin Norte. Serie Historia Oral 
999 |c 326282  |d 326280 
952 |0 0  |1 0  |4 0  |6 320_530000000000000_HAR_1995  |7 0  |8 A  |9 408115  |a BIBHIS  |b BIBHIS  |d 2019-11-22  |i 4353250  |o 320.53 HAR 1995  |p 4353250  |r 2025-01-20  |w 2019-11-22  |y BK  |k HIS